[Event "TUR-chT2"]
[Site "Konya"]
[Date "2018.07.15"]
[Round "9.17"]
[White "Tokmak, Mustafa"]
[Black "Erdem, Huseyin Varol"]
[Result "0-1"]
[WhiteElo "1283"]
[BlackElo "1665"]
[PlyCount "58"]
[EventDate "2018.07.10"]
[EventType "team-swiss"]
[EventRounds "9"]
[EventCountry "TUR"]
[SourceTitle "EXT 2019"]
[Source "ChessBase"]
[SourceDate "2018.10.10"]
[SourceVersion "1"]
[SourceVersionDate "2018.10.10"]
[SourceQuality "1"]
[WhiteTeam "Afyonkarahisar Deha"]
[BlackTeam "Duzce Belediye Genclik"]
[WhiteTeamCountry "TUR"]
[BlackTeamCountry "TUR"]

1. d4 Nf6 2. c4 g6 3. Nf3 Bg7 4. Nc3 d6 5. e3 0-0 6. Be2 Nbd7 7. 0-0 e5 8. d5 Nc5 9. b3 Nfe4 10. Nxe4 Nxe4 11. Bb2 f5 12. Nd2 Nf6 13. f4 Re8 14. fxe5 dxe5 15. Qe1 Qd6 16. h3 Qc5 17. Kh1 Qxe3 18. Rf3 Qb6 19. Rf1 e4 20. Qc1 Qe3 21. Re1 Qh6 22. Rb1 f4 23. Qd1 Bxh3 24. gxh3 Qxh3+ 25. Kg1 Qg3+ 26. Kh1 f3 27. Bxf3 exf3 28. Rxe8+ Rxe8 29. Qxf3 Qh4+ 0-1

[Event "TUR-chT2"]
[Site "Konya"]
[Date "2018.07.12"]
[Round "4.25"]
[White "Baspinar, Mehmet"]
[Black "Tokmak, Mustafa"]
[Result "1-0"]
[WhiteElo "1487"]
[BlackElo "1283"]
[PlyCount "101"]
[EventDate "2018.07.10"]
[EventType "team-swiss"]
[EventRounds "9"]
[EventCountry "TUR"]
[SourceTitle "EXT 2019"]
[Source "ChessBase"]
[SourceDate "2018.10.10"]
[SourceVersion "1"]
[SourceVersionDate "2018.10.10"]
[SourceQuality "1"]
[WhiteTeam "Erdem Kultur Egitim"]
[BlackTeam "Afyonkarahisar Deha"]
[WhiteTeamCountry "TUR"]
[BlackTeamCountry "TUR"]

1. c4 e6 2. Nc3 Nf6 3. e4 c5 4. d3 h6 5. e5 Nh7 6. f4 Nc6 7. Be3 b6 8. Nf3 Be7 9. Qd2 Bb7 10. Rg1 Qc7 11. g4 0-0-0 12. Be2 d5 13. cxd5 exd5 14. d4 c4 15. a3 g6 16. Rc1 Rhe8 17. Nxd5 Rxd5 18. Bxc4 Qd8 19. Qc3 Kb8 20. f5 g5 21. b4 f6 22. Kf2 Bf8 23. Rgd1 Ne7 24. Qb3 Nc8 25. e6 Rd6 26. a4 a6 27. Qd3 Ka7 28. a5 b5 29. d5+ Kb8 30. Bb3 Re7 31. Qd4 Ba8 32. Rc2 Rc7 33. Rxc7 Qxc7 34. Rc1 Qb7 35. Nd2 Rxd5 36. Qxd5 Qxd5 37. Bxd5 Bxd5 38. Bc5 Be7 39. Nf3 Nf8 40. Nd4 Kb7 41. Ne2 Bc4 42. Rd1 Kc7 43. Ng3 Nd6 44. Bxd6+ Bxd6 45. Ne4 Bxb4 46. Nxf6 Nxe6 47. fxe6 Bxe6 48. Ne8+ Kc8 49. Rc1+ Kd7 50. Nc7 Bxg4 51. Nxa6 1-0

[Event "TUR-chT2"]
[Site "Konya"]
[Date "2017.07.15"]
[Round "9.23"]
[White "Kantar, Cihat Celaleddin"]
[Black "Tokmak, Mustafa"]
[Result "1-0"]
[WhiteElo "1400"]
[BlackElo "1279"]
[PlyCount "62"]
[EventDate "2017.07.09"]
[EventType "team-swiss"]
[EventRounds "9"]
[EventCountry "TUR"]
[SourceTitle "CBM 179 Extra"]
[Source "ChessBase"]
[SourceDate "2017.08.23"]
[SourceVersion "1"]
[SourceVersionDate "2017.08.23"]
[SourceQuality "1"]
[WhiteTeam "Karaman Idman Yurdu"]
[BlackTeam "Genclik Deha"]
[WhiteTeamCountry "TUR"]
[BlackTeamCountry "TUR"]

1. e4 e5 2. Nf3 Nc6 3. Bc4 h6 4. d3 Nf6 5. Nc3 a6 6. h3 Bc5 7. Be3 Bxe3 8. fxe3 d6 9. d4 Qe7 10. Nd5 Qd8 11. Nxf6+ gxf6 12. c3 Na5 13. Bd3 b5 14. Rc1 Bd7 15. b4 Nb7 16. d5 Rg8 17. Rg1 Ke7 18. Rc2 Rg3 19. Rf2 Qg8 20. Kd2 Rc8 21. Qe2 Bxh3 22. Qf1 Bd7 23. Rh1 Qg7 24. Rh2 c5 25. dxc6 Bxc6 26. Nh4 Bd7 27. c4 Qg5 28. Nf3 Qg7 29. cxb5 a5 30. bxa5 Nxa5 31. Ne1 Qg5 1-0